| 000 | 00806cab a2200193 4500 | ||
|---|---|---|---|
| 001 | L130830 | ||
| 008 | 050902n2005 000 0 eng u | ||
| 035 | _a(Sirsi) u130830 | ||
| 041 | 0 | _aeng | |
| 100 | 1 | _aBourke, Kathy | |
| 245 | 0 | 0 | _aWhole-life guidance |
| 260 | _c2005 | ||
| 490 | 0 |
_aQS News _v26 August 2005, 15(1) |
|
| 520 | _aExplains the concept of how to calculate the costs of building that are likely to occur in its lifetime and how to put whole-life costing into practice as part of the whole life value concept. Looks at the key principles, the barriers to achieving whole life value and how to overcome the problems involved. | ||
| 590 | _aIKA130905 | ||
| 690 | _aMANAGEMENT-BUSINESS MANAGEMENT-COST MANAGEMENT-COST ANALYSIS-WHOLE LIFE COSTING | ||
| 700 | 1 | _aGreen, Andy | |
| 942 | _n0 | ||
| 999 |
_c75820 _d75820 |
||